000 00223nam a2200097Ia 4500
008 120527s9999 xx 000 0 und d
100 _aRAMASWAMY,G.S
245 _aSteel space frames
260 _bThomas Telford
942 _cBK
999 _c23681
_d23681